Statistiken für Größte Metropolregionen der USA

Klicken Sie hier um das Quiz zu spielen!

Allgemein

  • Dieses Quiz wurde 45 mal gespielt
  • Das Durchschnittsergebnis liegt bei 33 aus 55

Antwortstatistiken

EinwohnerzahlStadt% Korrekt
12.799.100Los Angeles
100%
6.183.199Miami
100%
19.498.249New York
100%
6.304.975Washington
100%
9.262.825Chicago
94%
7.510.253Houston
94%
4.566.961San Francisco
91%
8.100.037Dallas
89%
4.342.304Detroit
89%
6.246.160Philadelphia
89%
4.919.179Boston
86%
4.044.837Seattle
86%
3.005.131Denver
83%
2.336.573Las Vegas
80%
5.070.110Phoenix
80%
6.307.261Atlanta
71%
1.477.926Oklahoma City
71%
3.269.973San Diego
71%
2.473.275Austin
69%
2.834.316Baltimore
69%
2.138.468Indianapolis
69%
3.712.020Minneapolis
69%
2.817.933Orlando
69%
2.420.608Sacramento
69%
1.713.240Jacksonville
66%
2.508.050Portland
66%
2.703.999San Antonio
66%
2.221.343Kansas City
63%
2.102.573Nashville
60%
2.796.999St. Louis
60%
1.335.674Memphis
57%
1.560.424Milwaukee
57%
3.342.963Tampa
57%
2.805.115Charlotte
54%
2.158.932Cleveland
54%
1.267.864Salt Lake City
51%
2.271.479Cincinnati
49%
2.180.271Columbus
49%
1.365.557Louisville
49%
2.422.725Pittsburgh
49%
1.945.767San Jose
49%
1.155.604Buffalo
43%
1.063.162Tucson
43%
1.180.020Fresno
34%
1.509.231Raleigh
31%
1.787.169Virginia Beach
29%
1.349.732Richmond
26%
1.044.757Tulsa
26%
1.184.290Birmingham
23%
1.151.543Hartford
14%
1.677.803Providence
11%
1.052.087Rochester
11%
2.035.733San Juan
9%
1.162.950Grand Rapids
6%
4.688.053Riverside
6%

Verteilung der Resultate

Perzentil nach korrekt beantworteten Fragen

Anzahl Personen mit jedem Resultat

Ihre Resultats-Entwicklung

Sie haben dieses Quiz noch nicht gespielt